| 000 | 00781nam a2200253 i 4500 | ||
|---|---|---|---|
| 001 | 12538 | ||
| 003 | ES-MaACL | ||
| 005 | 20230906150334.0 | ||
| 007 | t| | ||
| 008 | 961104s1995 sp |||| | spa j | ||
| 020 | _a84-7882-089-2 | ||
| 080 | _a804-3"14/15" | ||
| 100 | 1 |
_aGonzález Rolán, Tomás. _958928 |
|
| 245 | 1 | 0 |
_aLatín y castellano en documentos prerrenacentistas / _cTomás González Rolán, Pilar Saquero Suárez-Somonte. |
| 250 | _a1ª ed. | ||
| 260 |
_aMadrid : _bClásicas, _c1995. |
||
| 300 |
_aVII, 171 p ; _c20 cm. |
||
| 490 | 1 | _aSeries maior | |
| 650 | 1 | 4 |
_aLenguas románicas- _xLexicología. _9169418 |
| 700 | 1 |
_aSaquero Suárez-Somonte, Pilar. _9103731 |
|
| 830 | 0 |
_aSeries maior _9179316 |
|
| 852 |
_aES-MaACL _jL-19926 |
||
| 999 |
_c12538 _d12538 |
||